000 00916nam a22002777a 4500
001 BR2017002444
003 BR-BrBNA
005 20230928105144.0
007 ta
008 230509b bl.||||| |||| 00| 0 por d
040 _aBR-BrBNA
_bpor
_cBiblioteca Nacional de Agricultura
041 _a(Por)
072 _aF06
_b3830
090 _ 3830 BR2017002444
100 1 _aValle, L.A.R. do
110 1 _aUniversidade Federal de Lavras, MG (Brasil)
_0Tese (Doutorado)
245 1 _aAvaliação do potencial de uso agrícola da fluorita com óxido de silício (AgroSica), derivado da fabricação de fertilizantes fosfatados
260 3 _aLavras, MG (Brasil):
_c2016.
300 _a109 p.
500 _aSummaries (Eng, Por); Several bibliography; 9 illus.; 10 tables
650 _aFERTILIZANTE FOSFATADO
650 _aSUBPRODUTO
650 _aINDUSTRIA
909 _a202309
_bLucia
_c55
_dLucia Elande
942 _cBK
999 _c83734
_d83734